[Event "Berlin Defense"]
[Site "SchemingMind.com"]
[Date "2009.06.22"]
[Round "-"]
[White "lacus66"]
[Black "jtrochez1"]
[Result "1-0"]
[WhiteCountry "HUN"]
[BlackCountry "HON"]
[WhiteElo "1802"]
[WhiteRD "63"]
[BlackElo "1601"]
[BlackRD "55"]
[GameID "209432"]

1. e4 e5 2. Nf3 Nc6 3. Bb5 d6 4. d4 exd4 5. Nxd4 Bd7 6. Nxc6 bxc6 7. Bc4 Be7 8. O-O Nf6 9. Nc3 O-O 10. Qe2 Re8
11. Bb3 Be6 12. Bxe6 fxe6 13. Be3 e5 14. Rad1 Qb8 15. b3 Qc8 16. Qc4+ Kh8 17. Qxc6 a6 18. Nd5 Nxd5 19. exd5 a5 20. a4 Ra6
21. Qc4 Bd8 22. f4 Bf6 23. fxe5 dxe5 24. c3 e4 25. Rde1 h6 26. Bc5 Ra8 27. Rxe4 Rxe4 28. Qxe4 Qb7 29. c4 Rg8 30. Qg6 Bg5
31. Bd4 Qc8 32. Rf7 Qe8 33. Bxg7+
1-0

[Event "Berlin Defense"]
[Site "SchemingMind.com"]
[Date "2009.06.25"]
[Round "-"]
[White "Ivancic"]
[Black "jtrochez1"]
[Result "1-0"]
[WhiteCountry "AUS"]
[BlackCountry "HON"]
[WhiteElo "1954"]
[WhiteRD "75"]
[BlackElo "1601"]
[BlackRD "55"]
[GameID "209433"]

1. e4 e5 2. Nf3 Nc6 3. Bb5 d6 4. d4 Bd7 5. Nc3 a6 6. Bxc6 bxc6 7. dxe5 Bg4 8. exd6 cxd6 9. h3 Bxf3 10. Qxf3 Qd7
11. Bf4 O-O-O 12. O-O f6 13. Na4 Qb7 14. Rad1 g5 15. Bh2 Be7 16. Rd3 h5 17. Qf5+ Kc7 18. Nc5 Nh6 19. Qf3 Qa7 20. Ne6+ Kc8
21. Nxd8 Rxd8 22. e5 Qd7 23. exd6 g4 24. hxg4 hxg4 25. Qf4 Bxd6 26. Rxd6
1-0

[Event "Berlin Defense"]
[Site "SchemingMind.com"]
[Date "2009.06.22"]
[Round "-"]
[White "schakert"]
[Black "jtrochez1"]
[Result "0-1"]
[WhiteCountry "NED"]
[BlackCountry "HON"]
[WhiteElo "1686"]
[WhiteRD "68"]
[BlackElo "1601"]
[BlackRD "55"]
[GameID "209434"]

1. e4 e5 2. Nf3 Nc6 3. Bb5 d6 4. d4 exd4 5. Nxd4 Bd7 6. O-O Nf6 7. Re1 Be7 8. e5 dxe5 9. Nxc6 bxc6 10. Bc4 O-O
11. Rxe5 Bd6 12. Re1 Qb8 13. Nc3 Qc8 14. Bg5 Ng4 15. g3 Ne5 16. Be2 Re8 17. f4 Ng6 18. Bf3 Rxe1+ 19. Qxe1 Rb8 20. b3 Qf8
21. f5 Bxf5 22. Bxc6 Bxc2 23. Rc1 Bf5 24. Nb5 Bc5+ 25. Kg2 Bb6 26. Be3 Re8 27. Rc3 Be4+ 28. Bxe4 Rxe4 29. Nxc7 Ba5 30. Qb1 Bxc3
31. Qxe4 a5 32. Nd5 Bb4 33. Nxb4 axb4 34. Bd2 h6 35. Bxb4 Qd8 36. a4 Nf8 37. a5 Ne6 38. a6 Ng5 39. Qb7 Qd3 40. Qc8+ Kh7
41. Qc4 Qf3+ 42. Kg1 Nh3#
0-1

[Event "Berlin Defense"]
[Site "SchemingMind.com"]
[Date "2009.06.27"]
[Round "-"]
[White "David Hartley"]
[Black "cnbcad"]
[Result "1-0"]
[WhiteCountry "ENG"]
[BlackCountry "USA"]
[WhiteElo "1864"]
[WhiteRD "70"]
[BlackElo "1554"]
[BlackRD "64"]
[GameID "209676"]

1. e4 e5 2. Nf3 Nc6 3. Bb5 Nf6 4. d3 Bc5 5. Nc3 O-O 6. O-O Re8 7. h3 Nd4 8. Bg5 h6 9. Bh4 c6 10. Bc4 g5
11. Bg3 d5 12. exd5 cxd5 13. Bb3 Nxb3 14. axb3 d4 15. Ne2 Bd6 16. c3 dxc3 17. bxc3 b6 18. Qd2 Nh5 19. Bh2 e4 20. dxe4 Bxh2+
21. Kxh2 Qc7+ 22. Kg1 a5 23. Qc2 Bb7 24. Ra4 Bc6 25. Rd4 a4 26. bxa4 Nf4 27. Nxf4 Qxf4 28. e5 Bxa4 29. Qb1 Bc6 30. Rxf4 gxf4
31. Qxb6 Bxf3 32. gxf3 Re6 33. Qd4 Rg6+ 34. Kh2 Kh7 35. Rg1 Rag8 36. Rxg6
1-0

[Event "Berlin Defense"]
[Site "SchemingMind.com"]
[Date "2009.06.25"]
[Round "-"]
[White "David Hartley"]
[Black "jtrochez1"]
[Result "1-0"]
[WhiteCountry "ENG"]
[BlackCountry "HON"]
[WhiteElo "1836"]
[WhiteRD "70"]
[BlackElo "1594"]
[BlackRD "53"]
[GameID "209677"]

1. e4 e5 2. Nf3 Nc6 3. Bb5 d6 4. d4 Bd7 5. Nc3 Nxd4 6. Nxd4 exd4 7. Qxd4 c6 8. Bc4 Nf6 9. Bf4 Bg4 10. O-O Be7
11. Rae1 O-O 12. Re3 c5 13. Qd2 a6 14. Rg3 Be6 15. Bh6 Ne8 16. Be2 Bf6 17. Bf4 Bh4 18. Rd3 Qa5 19. Bxd6 Nxd6 20. Rxd6 Be7
21. Rd3 b5 22. Nd5 Qxd2 23. Nxe7+ Kh8 24. Rxd2 c4 25. c3 Ra7 26. Nc6 Raa8 27. Ne5 Rfd8 28. Rfd1 f6 29. Rxd8+
1-0

[Event "Berlin Defense"]
[Site "SchemingMind.com"]
[Date "2009.06.25"]
[Round "-"]
[White "David Hartley"]
[Black "mooch"]
[Result "1/2-1/2"]
[WhiteCountry "ENG"]
[BlackCountry "ENG"]
[WhiteElo "1836"]
[WhiteRD "70"]
[BlackElo "1759"]
[BlackRD "87"]
[GameID "209678"]

1. e4 e5 2. Nf3 Nc6 3. Bb5 d6 4. d4 Bd7 5. Nc3 Nxd4 6. Nxd4 exd4 7. Qxd4 Bxb5 8. Nxb5 a6 9. Nc3 Nf6 10. Bg5 Be7
11. O-O h6 12. Bh4 O-O 13. Rfe1 Re8 14. Re2 c5 15. Qd3 Nh5 16. Bxe7 Rxe7 17. Qf3 Nf6 18. Rd1 Qb6 19. b3 Rae8 20. Rde1 Qb4
21. h3 Re6 22. Qd3 Kf8 23. Nd5 Nxd5 24. Qxd5 Qb6 25. Kh1=
1/2-1/2

[Event "Berlin Defense"]
[Site "SchemingMind.com"]
[Date "2009.06.25"]
[Round "-"]
[White "David Hartley"]
[Black "lacus66"]
[Result "1/2-1/2"]
[WhiteCountry "ENG"]
[BlackCountry "HUN"]
[WhiteElo "1836"]
[WhiteRD "70"]
[BlackElo "1850"]
[BlackRD "66"]
[GameID "209679"]

1. e4 e5 2. Nf3 Nc6 3. Bb5 Nf6 4. O-O Nxe4 5. d4 Nd6 6. Bxc6 dxc6 7. dxe5 Nf5 8. Qxd8+ Kxd8 9. Nc3 Ke8 10. Bf4 Be6
11. a3 h6 12. Rad1 g5 13. Bc1 g4 14. Nd4 Nxd4 15. Rxd4 Bc5 16. Rd2 Rd8 17. Re1 Bb6 18. Rde2 Kf8 19. Be3 Bxe3 20. Rxe3 Ke7
21. b3 Rd2 22. R3e2 Rhd8 23. Rxd2 Rxd2 24. Re2 Rxe2 25. Nxe2 f6 26. exf6+ Kxf6 27. Kf1 Bf5 28. c3 c5 29. Ke1 Bc2 30. Nc1 Be4
31. g3 Bd5 32. c4 Be4 33. Kd2 b6 34. Ke3 Kf5 35. Nd3 Bc6 36. Nc1=
1/2-1/2

[Event "Berlin Defense"]
[Site "SchemingMind.com"]
[Date "2009.06.26"]
[Round "-"]
[White "David Hartley"]
[Black "Ivancic"]
[Result "1/2-1/2"]
[WhiteCountry "ENG"]
[BlackCountry "AUS"]
[WhiteElo "1864"]
[WhiteRD "70"]
[BlackElo "1943"]
[BlackRD "75"]
[GameID "209680"]

1. e4 e5 2. Nf3 Nc6 3. Bb5 Nf6 4. Bxc6 dxc6 5. d3 Bc5 6. Bg5 Bg4 7. O-O Qe7 8. Nbd2 h6 9. Be3 O-O-O 10. Bxc5 Qxc5
11. Qc1 Nd7 12. Re1 g5 13. Re3 f6 14. Nb3 Qb6 15. Qe1 h5 16. Nfd2 Be6 17. f3 g4 18. fxg4 hxg4 19. Qf2 Rh6 20. Nf1 Rf8
21. Qe2 f5 22. exf5 Rxf5 23. c4 e4 24. Kh1 Rfh5 25. g3 c5 26. Rxe4 Nf8 27. Rd1 Rf6 28. Re5 Rh7 29. Nxc5 Rhf7 30. Nxe6 Nxe6
31. Qxg4 Rxf1+ 32. Rxf1 Rxf1+ 33. Kg2 Rf2+ 34. Kh3 Rf6 35. Qg8+ Kd7 36. Rd5+ Ke7 37. Qh7+ Rf7 38. Qh4+ Ke8 39. Qh8+ Ke7 40. Qh4+ Ke8=
1/2-1/2

[Event "Berlin Defense"]
[Site "SchemingMind.com"]
[Date "2009.06.25"]
[Round "-"]
[White "David Hartley"]
[Black "schakert"]
[Result "1-0"]
[WhiteCountry "ENG"]
[BlackCountry "NED"]
[WhiteElo "1864"]
[WhiteRD "70"]
[BlackElo "1644"]
[BlackRD "76"]
[GameID "209681"]

1. e4 e5 2. Nf3 Nc6 3. Bb5 Nf6 4. d4 Nxe4 5. O-O Be7 6. Qe2 Nd6 7. Bxc6 dxc6 8. dxe5 Nf5 9. Nc3 O-O 10. Rd1 Qe8
11. Bf4 Be6 12. Ne4 Rd8 13. a3 c5 14. Rd2 Qc6 15. c4 Nd4 16. Nxd4 Rxd4 17. Rxd4 cxd4 18. b3 Rd8 19. Bg5 Bxg5 20. Nxg5 Bf5
21. Nf3 d3 22. Qe3
1-0

[Event "Berlin Defense"]
[Site "SchemingMind.com"]
[Date "2009.06.27"]
[Round "-"]
[White "cnbcad"]
[Black "David Hartley"]
[Result "0-1"]
[WhiteCountry "USA"]
[BlackCountry "ENG"]
[WhiteElo "1411"]
[WhiteRD "55"]
[BlackElo "1843"]
[BlackRD "67"]
[GameID "209683"]

1. e4 e5 2. Nf3 Nc6 3. Bb5 Nf6 4. O-O d6 5. d4 Bd7 6. Bxc6 Bxc6 7. dxe5 Nxe4 8. Re1 Be7 9. exd6 Qxd6 10. Qxd6 Nxd6
11. Nd4 Bd7 12. Bf4 Nf5 13. Nxf5 Bxf5 14. Nc3 c6 15. Bd6 Be6 16. Bxe7 Kxe7 17. f4 f5 18. Na4 b6 19. b3 Rad8 20. c4 Kf7
21. Nc3 Rhe8 22. Kf2 Rd6 23. Re3 Bc8 24. Rae1 Rxe3 25. Rxe3 Rd2+ 26. Kg3 c5 27. a4 Bb7 28. Ne2 Be4 29. Kf2 Rb2 30. g4 g6
31. g5 Bc2 32. Kg3 Bxb3 33. Nc1 Bxc4 34. Re1 Rb1 35. Rd1 Ke7 36. Re1+ Be6 37. Nd3 Rxe1 38. Nxe1 Kd6 39. Kf3 Kd5 40. Nd3 Kc4
41. Ne5+ Kb3 42. Nc6 Bd5+
0-1

[Event "Berlin Defense"]
[Site "SchemingMind.com"]
[Date "2009.06.26"]
[Round "-"]
[White "jtrochez1"]
[Black "David Hartley"]
[Result "0-1"]
[WhiteCountry "HON"]
[BlackCountry "ENG"]
[WhiteElo "1538"]
[WhiteRD "49"]
[BlackElo "1833"]
[BlackRD "68"]
[GameID "209684"]

1. e4 e5 2. Nf3 Nc6 3. Bb5 Nf6 4. d3 d6 5. h3 Bd7 6. Bxc6 Bxc6 7. Nc3 h6 8. Be3 Be7 9. Qd2 Qd7 10. b3 O-O
11. O-O-O a5 12. Rdg1 b5 13. g4 b4 14. Nb1 Nh7 15. h4 f6 16. g5 f5 17. Qe2 f4 18. Bd2 hxg5 19. hxg5 g6 20. Qf1 Rf7
21. Qh3 Qxh3 22. Rxh3 Rg7 23. Kd1 Rf8 24. Be1 Bd7 25. Rh2 Rff7 26. Nbd2 a4 27. Nc4 axb3 28. cxb3 c5 29. Kc2 Be6 30. Nb6 Bd8
31. Nd5 Bxd5 32. exd5 Rf5 33. Rhg2 Nf8 34. Nh2 Rh7 35. Nf3 Kg7 36. Kb2 Rh5 37. a4 bxa3+ 38. Kxa3 Nh7 39. Ka4 Rh3 40. Nd2 Rxd3
41. Nc4 Rxd5 42. f3 Rd3 43. Rd2 Rxd2 44. Bxd2 Be7 45. Nb6 Nxg5 46. Rf1 Kf7 47. Nd5 Ke6 48. Nxe7 Kxe7 49. Kb5 Rf8 50. b4 cxb4
51. Bxb4 Rb8+ 52. Kc4 Ke6 53. Rf2 d5+ 54. Kb3 Rh8 55. Rg2 Kf5 56. Be7 Nxf3 57. Bc5 Rh2 58. Rxh2 Nxh2 59. Kc2 Kg4 60. Kd3 Kg3
61. Bd6 Nf3 62. Ke2 Kg2 63. Kd3 g5 64. Ke2 Nd4+ 65. Ke1 Nc6 66. Bc5 d4
0-1

[Event "Berlin Defense"]
[Site "SchemingMind.com"]
[Date "2009.06.25"]
[Round "-"]
[White "mooch"]
[Black "David Hartley"]
[Result "0-1"]
[WhiteCountry "ENG"]
[BlackCountry "ENG"]
[WhiteElo "1759"]
[WhiteRD "87"]
[BlackElo "1836"]
[BlackRD "70"]
[GameID "209685"]

1. e4 e5 2. Nf3 Nc6 3. Bb5 Nf6 4. Bxc6 bxc6 5. Nxe5 Nxe4 6. O-O Be7 7. Qg4 Ng5 8. d4 d6 9. Nxc6 Bxg4 10. Nxd8 Kxd8
11. Nc3 Ne6 12. d5 Nd4 13. f3 Bf5 14. Be3 Nxc2 15. Kf2 Nxa1 16. Rxa1 Bf6 17. Nd1 Kd7 18. Rc1 Rhb8 19. b3 Rb5
0-1

[Event "Berlin Defense"]
[Site "SchemingMind.com"]
[Date "2009.06.25"]
[Round "-"]
[White "lacus66"]
[Black "David Hartley"]
[Result "1-0"]
[WhiteCountry "HUN"]
[BlackCountry "ENG"]
[WhiteElo "1850"]
[WhiteRD "66"]
[BlackElo "1836"]
[BlackRD "70"]
[GameID "209686"]

1. e4 e5 2. Nf3 Nc6 3. Bb5 Nf6 4. O-O Nxe4 5. d4 Nd6 6. Bxc6 dxc6 7. dxe5 Nf5 8. Qxd8+ Kxd8 9. Bg5+ Be7 10. Rd1+ Ke8
11. Bxe7 Kxe7 12. g4 Nh6 13. h3 Re8 14. Nc3 Ng8 15. Kg2 f6 16. Rd4 Be6 17. Re1 fxe5 18. Rxe5 h6 19. Rde4 Kf7 20. Rf4+ Kg6
21. Rb4 b6 22. Rbe4 Bd7 23. Rxe8 Rxe8 24. Ne5+ Rxe5 25. Rxe5 Nf6 26. Re7 Kh7 27. Ne4
1-0

[Event "Berlin Defense"]
[Site "SchemingMind.com"]
[Date "2009.06.26"]
[Round "-"]
[White "Ivancic"]
[Black "David Hartley"]
[Result "1-0"]
[WhiteCountry "AUS"]
[BlackCountry "ENG"]
[WhiteElo "1988"]
[WhiteRD "76"]
[BlackElo "1836"]
[BlackRD "70"]
[GameID "209687"]

1. e4 e5 2. Nf3 Nc6 3. Bb5 Nf6 4. O-O d6 5. d4 Bd7 6. Nc3 exd4 7. Nxd4 Nxd4 8. Qxd4 Bxb5 9. Nxb5 a6 10. Nc3 Be7
11. Nd5 Nxd5 12. exd5 O-O 13. Kh1 Bf6 14. Qg4 Re8 15. f4 Re7 16. f5 Kh8 17. c4 Qf8 18. Rb1 Rae8 19. b3 Re2 20. a4 Rc2
21. Bg5 Qe7 22. Bxf6 Qxf6 23. Rbe1 Rxe1 24. Rxe1 h6 25. h3 Rc3 26. b4 Ra3 27. Qe4 Qd8 28. a5 Rb3 29. c5 dxc5 30. bxc5 Rb5
31. Qc4 Rxa5 32. d6 Qf6 33. dxc7
1-0

[Event "Berlin Defense"]
[Site "SchemingMind.com"]
[Date "2009.06.25"]
[Round "-"]
[White "schakert"]
[Black "David Hartley"]
[Result "0-1"]
[WhiteCountry "NED"]
[BlackCountry "ENG"]
[WhiteElo "1644"]
[WhiteRD "76"]
[BlackElo "1864"]
[BlackRD "70"]
[GameID "209688"]

1. e4 e5 2. Nf3 Nc6 3. Bb5 Nf6 4. O-O Nxe4 5. Re1 Nd6 6. Bxc6 dxc6 7. d4 Be7 8. dxe5 Nf5 9. Qxd8+ Bxd8 10. Nc3 O-O
11. Bd2 Be7 12. Bf4 Bb4 13. Rad1 Bxc3 14. bxc3 Be6 15. a3 Rad8 16. Bg5 Rd5 17. Nd4 h6 18. Bf4 Rfd8 19. Rb1 Nxd4 20. cxd4 Rxd4
21. Be3 Rc4 22. Rxb7 a6
0-1